000 00677nam a22002177a 4500
003 KOHA_MİRAKIL
005 20260428093654.0
008 260427b tu ||||| |||| 00| 0 tur d
020 _a 9789754293876
040 _aTR-AnABB
_btur
_cTR-AnABB
041 _atur
082 _bKES 2019
_a307.12
100 1 _aKeskinok, Çağatay H.
245 1 0 _aŞehircilik yazıları /
_cH. Çağatay Keskinok
260 _aAnkara :
_bODTÜ Mimarlık Fakültesi,
_c2019
300 _a515 sayfa ;
_c20 cm
500 _aYazar tarafından Prof. Dr. Ruşen Keleş için imzalanmıştır.
650 0 4 _aŞehir planlama
900 _bCan ÇELIK
942 _2ddc
_cBK
999 _c10348
_d10348